Rutas verdes del Valle del Cauca-Colombia : (Registro nro. 6895)

Detalles MARC
000 -CABECERA
Campo de control 01516nam a2200313 a 4500
005 - FECHA Y HORA DE LA ULTIMA TRANSACCION
Campo de control 20160802161241.0
008 - ELEMENTOS DE LONGITUD FIJA—INFORMACION GENERAL
Campo de control 140619s2005 ck abo gr 000 0 spa d
020 ## - ISBN
ISBN 9588094925
040 ## - FUENTE DE CATALOGACIÓN
Agencia catalogadora original CO-BoBLA
Agencia transcriptora CO-BoBLA
Agencia Modificadora CO-BoIAVH
041 0# - IDIOMA
Código de idioma para texto/pista de sonido o título separado Español
044 ## - PAÍS DE PUBLICACIÓN
País de publicación Colombia
082 04 - NUMERO DE CLASIFICACION DECIMAL DEWEY
Número de clasificación 338.4791
Número del ítem C67r
110 2# - ASIENTO PRINCIPAL--NOMBRE CORPORATIVO
Nombre corporativo o de jurisdicción como elemento de entrada Corporación Autónoma Regional del Valle del Cauca - CVC
9 (RLIN) 73943
245 10 - MENCION DE TITULO
Título Rutas verdes del Valle del Cauca-Colombia :
Parte restante del título turismo de naturaleza /
Mención de responsabilidad CVC ; textos María Isabel Salazar Ramírez, Mónica Hernández Corrales, Germán Parra Valencia [y otros] ; mapas Paola Andrea Gómez Caicedo.
260 ## - PUBLICACION, DISTRIBUCION, ETC. (PIE DE IMPRENTA)
Lugar de publicación, distribución, etc. Santiago de Cali :
Nombre del editor, distribuidor, etc. CVC. Corporación Autónoma Regional del Valle del Cauca. Dirección de Gestión Ambiental,
Fecha de publicación, distribución, etc. 2005.
300 ## - DESCRIPCION FISICA
Extensión 220 páginas :
Otros detalles físicos ilustraciones a color, mapa, fotografías a color ;
Dimensiones 22 x 12 cm.
504 ## - NOTA DE BIBLIOGRAFIA, ETC.
Nota de bibliografía Incluye referencias bibliográficas: página 217.
650 04 - ASIENTO SECUNDARIO DE MATERIA - TERMINO TEMATICO
Término temático o nombre geográfico como elemento de entrada Valle del Cauca
Subdivisión geográfica Valle del Cauca (Colombia)
9 (RLIN) 73944
650 26 - ASIENTO SECUNDARIO DE MATERIA - TERMINO TEMATICO
Término temático o nombre geográfico como elemento de entrada Turismo ecológico
Subdivisión geográfica Valle del Cauca (Colombia)
9 (RLIN) 73945
650 26 - ASIENTO SECUNDARIO DE MATERIA - TERMINO TEMATICO
Término temático o nombre geográfico como elemento de entrada Ecosistemas
Subdivisión geográfica Valle del Cauca (Colombia)
9 (RLIN) 73946
650 26 - ASIENTO SECUNDARIO DE MATERIA - TERMINO TEMATICO
Término temático o nombre geográfico como elemento de entrada Recursos naturales
Subdivisión geográfica Valle del Cauca (Colombia)
9 (RLIN) 73947
700 1# - ASIENTO SECUNDARIO - NOMBRE PERSONAL
Nombre personal Salazar Ramírez, María Isabel
Término de relación textos
9 (RLIN) 3456
700 1# - ASIENTO SECUNDARIO - NOMBRE PERSONAL
Nombre personal Hernández Corrales, Mónica
Término de relación textos
9 (RLIN) 35500
700 1# - ASIENTO SECUNDARIO - NOMBRE PERSONAL
Nombre personal Parra Valencia, Germán
Término de relación textos
9 (RLIN) 73948
700 1# - ASIENTO SECUNDARIO - NOMBRE PERSONAL
Nombre personal García Meneses, Liliana.
Término de relación textos
9 (RLIN) 73949
700 1# - ASIENTO SECUNDARIO - NOMBRE PERSONAL
Nombre personal Trujillo Sandoval, Martha Yadira.
Término de relación textos
9 (RLIN) 73950
942 ## - ELEMENTOS ADICIONALES (KOHA)
Sistema de clasificación Dewey Decimal Classification
Tipo de ítem Libro
949 ## - LOCAL PROCESSING INFORMATION (OCLC)
a n
b n
Existencias
Withdrawn status Lost status Sistema de Clasificación Damaged status No para préstamo Colección Inventariado Ubicación Permanente Ubicación actual Fecha de adquisición Fuente de Valor Valor Total Checkouts Número topográfico Inventario / Código de Barras Date last seen Ejemplar Price effective from Forma de adquisición Tipo de material
    Dewey Decimal Classification     General Inventariado 2017 Sala Fabio Quevedo Sala Fabio Quevedo 02/06/2009 Instituto 15000.00   LB-338.4791 C67r 027035 04/12/2012 Ej.1 04/12/2012 Donación Libro